LEADER 01254nam--2200385---450- 001 990000464860203316 005 20060328144858.0 035 $a0046486 035 $aUSA010046486 035 $a(ALEPH)000046486USA01 035 $a0046486 100 $a20010523d1989----km-y0itay0103----ba 101 $aita 102 $aIT 105 $a||||||||001yy 200 1 $aManuale delle ricerche nell'Ufficio storico dello Stato maggiore dell'esercito$fAntonio Brugioni, Maurizio Saporiti 210 $aRoma$cs.n.$d1989 215 $a37 p.$d24 cm 300 $aIn testa al front.: Stato maggiore dell'esercito, Ufficio storico 410 $12001 676 $a355.30945 700 1$aBRUGIONI,$bAntonio$0411056 701 1$aSAPORITI,$bMaurizio$0164686 801 0$aIT$bsalbc$gISBD 912 $a990000464860203316 951 $aI.3.A. 5(VARIE 360)$b103212 LM$cVARIE 959 $aBK 969 $aUMA 979 $aPATTY$b90$c20010523$lUSA01$h1607 979 $c20020403$lUSA01$h1655 979 $aPATRY$b90$c20040406$lUSA01$h1632 979 $aCOPAT3$b90$c20050217$lUSA01$h1426 979 $aCOPAT6$b90$c20060328$lUSA01$h1448 996 $aManuale delle ricerche nell'Ufficio storico dello Stato maggiore dell'esercito$9889479 997 $aUNISA LEADER 03988nam 2200757 450 001 9910464172203321 005 20210422001933.0 010 $a3-11-033545-X 010 $a3-11-039539-8 024 7 $a10.1515/9783110335453 035 $a(CKB)3360000000515081 035 $a(EBL)1597576 035 $a(SSID)ssj0001402485 035 $a(PQKBManifestationID)11884363 035 $a(PQKBTitleCode)TC0001402485 035 $a(PQKBWorkID)11360394 035 $a(PQKB)10672305 035 $a(MiAaPQ)EBC1597576 035 $a(DE-B1597)213655 035 $a(OCoLC)898769703 035 $a(DE-B1597)9783110335453 035 $a(Au-PeEL)EBL1597576 035 $a(CaPaEBR)ebr11010140 035 $a(CaONFJC)MIL808126 035 $a(EXLCZ)993360000000515081 100 $a20141105h20152015 uy| 0 101 0 $aeng 135 $aur|nu---|u||u 181 $ctxt 182 $cc 183 $acr 200 00$aMetaphor and metonymy across time and cultures $eperspectives on the sociohistorical linguistics of figurative language /$fedited by Javier E. Di?az-Vera 210 1$aBerlin ;$aBoston :$cDe Gruyter Mouton,$d[2015] 210 4$dİ2015 215 $a1 online resource (356 p.) 225 1 $aCognitive linguistics research,$x1861-4132 ;$vvolume 52 300 $aDescription based upon print version of record. 311 $a3-11-055509-3 311 $a3-11-033543-3 320 $aIncludes bibliographical references and index. 327 $tFront matter --$tContents --$tFiguration and language history: Universality and variation --$tFour guidelines for diachronic metaphor research --$tLost in transmission? The sense development of borrowed metaphor --$tLoss of prototypical meaning and lexical borrowing: A case of semantic redeployment --$tA complex adaptive systems approach to language, cultural schemas and serial metonymy: Charting the cognitive innovations of ?fingers? and ?claws? in Basque --$tThe interface between synchronic and diachronic conceptual metaphor: The role of embodiment, culture and semantic field --$tThe pivotal role of metaphor in the evolution of human language --$tTwo counter-expectation markers in Chinese --$tThe emergence of diathesis markers from MOTION concepts --$t?Better shamed before one than shamed before all?: Shaping shame in Old English and Old Norse texts --$tThe conceptual profile of the lexeme home: A multifactorial diachronic analysis --$tCognitive patterns in Greek poetic metaphors of emotion: A diachronic approach --$t?Thou com?st in such a questionable shape?: Embodying the cultural model for ghost across the history of English --$tIndex 330 $aThis volume offers new insights into figurative language and its pervasive role as a factor of linguistic change. The case studies included in this book explore some of the different ways new metaphoric and metonymic expressions emerge and spread among speech communities, and how these changes can be related to the need to encode ongoing social and cultural processes in the language. They cover a wide series of languages and historical stages. 410 0$aCognitive linguistics research ;$v52. 606 $aMetaphor$vCross-cultural studies 606 $aMetonyms$vCross-cultural studies 606 $aFigures of speech$vCross-cultural studies 606 $aLinguistic change$vCross-cultural studies 606 $aSociolinguistics 606 $aLanguage and culture 608 $aElectronic books. 615 0$aMetaphor 615 0$aMetonyms 615 0$aFigures of speech 615 0$aLinguistic change 615 0$aSociolinguistics. 615 0$aLanguage and culture. 676 $a808/.032 686 $aEC 3765$qBSZ$2rvk 702 $aDi?az Vera$b Javier E. 801 0$bMiAaPQ 801 1$bMiAaPQ 801 2$bMiAaPQ 906 $aBOOK 912 $a9910464172203321 996 $aMetaphor and metonymy across time and cultures$92488099 997 $aUNINA